00748nam a2200253 a 4500001001300000003000900013005001700022008004100039020001000080082001800090100002200108245005500130260005900185300000800244500003500252505001000287650002500297650001200322700002200334902000800356942000700364952011000371999001300481nice12345678IN_TiNIC20260116011314.0050524s1970 bana grp 000 0 eng  ac10000a231.044bPAN1 aPanikkar, Raymond aTrinity and World Religionsb Icon-Person-Ministry aBangalorebChristian Instt.For Study of Religionc1970 a80p aincludes index and biblioraphy2 aNotes aComparative Religion aTrinity1 aPanikkar, Raymond bSRS cBK 00104070aHMIbHMId2008-04-17g100.00l1o231.044 PAN1p03905r2017-03-21s2017-02-24w2026-01-16yEB c356d356